00572cam a2200145u 4500082001400000100003800014245003600052260006500088300008100153500003300234650004900267942000700316999001300323952009000336 a541.3 LEW1 aLewis, William Cudmore McCullagh,02aA system of physical chemistry, aLondon,aNew York [etc.]bLongmans, Green and co.,c1923-25. a489pbfront. (fold. tab.) illus., pl., diagrs.e3 v. Volume 1 Kinetic Theory a3 v. Volume 1 Kinetic Theory 0aChemistry, Physical and theoretical.,kinetic cBK c638d638 0010708REFaICbICcGENd2015-05-19l0o541.3 LEWp005336r2015-05-19 00:00:00yREF